000 00272nam a2200109Ia 4500
008 201217s9999 xx 000 0 und d
100 _aTaha, Hamdy, A.
245 0 _aSimulation Modeling and Simnet
260 _aEnglewood Cliffs
_bPrentice Hall
300 _a395
942 _cBK
999 _c7842
_d7842